AH International Schools' Libraries

Find Spot at the Beach: A Lift-The-Flap Book / (Record no. 49725)

MARC details
000 -LEADER
fixed length control field 00950nam a2200157 4500
020 ## - INTERNATIONAL STANDARD BOOK NUMBER
International Standard Book Number 9780241674789
100 ## - MAIN ENTRY--PERSONAL NAME
Personal name Hill, Eric,
Relator term author.
9 (RLIN) 60864
245 ## - TITLE STATEMENT
Title Find Spot at the Beach: A Lift-The-Flap Book /
Statement of responsibility, etc Eric Hill.
260 ## - PUBLICATION, DISTRIBUTION, ETC. (IMPRINT)
Name of publisher, distributor, etc Warne Frederick & Company:
Date of publication, distribution, etc 7 May, 2024.
300 ## - PHYSICAL DESCRIPTION
Extent 16 pages.
Dimensions 17.15 x 0.84 x 17.15 cm.
490 ## - SERIES STATEMENT
Series statement Find Spot
500 ## - GENERAL NOTE
General note Spot and his family are going to the beach in this fun lift-the-flap board book!<br/>Spot can't wait to go to the beach with Mom and Dad. He'll go paddling in the water and explore the seaside. But when it's time to decorate the sandcastle, Spot disappears! Can you help find Spot?<br/>Perfect for young readers to learn and play, this interactive lift-the-flap board book is filled with the gentle humor and unexpected adventure that made the original Where's Spot? a children's classic.
650 ## - SUBJECT ADDED ENTRY--TOPICAL TERM
9 (RLIN) 24553
Topical term or geographic name as entry element Summer
General subdivision Fiction.
650 ## - SUBJECT ADDED ENTRY--TOPICAL TERM
9 (RLIN) 85737
Topical term or geographic name as entry element Sea
Form subdivision Juvenile Literature
942 ## - ADDED ENTRY ELEMENTS (KOHA)
Source of classification or shelving scheme
Koha item type Board Book
Holdings
Withdrawn status Lost status Source of classification or shelving scheme Damaged status Not for loan Home library Current library Date acquired Total Checkouts Full call number Barcode Date last seen Date checked out Price effective from Koha item type
          Logos International School Logos International School 11/12/2025 2 BB HIL 041930 03/16/2026 12/18/2025 11/12/2025 Board Book

For any Logos Library related questions please contact Miss Art at swongnarasuk@asianhope.org.

For any Asian Hope Library related questions please contact Miss Raza at graza@asianhope.org.

Click here to explore our ebooks!

Powered by Koha